Analýza marketingového informačného systému - spokojnosť zákazníkov OD IKEA Bratislava bakalárska práca

Enregistré dans:
Détails bibliographiques
Auteur principal: Červenková, Lucia
Collectivité auteur: Obchodná fakulta EU. Katedra marketingu
Autres auteurs: Miklošík, Andrej
Format: Livre
Langue:slovaque
Publié: Bratislava 2009
Tags: Ajouter un tag
Pas de tags, Soyez le premier à ajouter un tag!

MARC

LEADER 00000nam$a2200000$$$4500
001 0099790
005 20240318135314.6
041 0 |a slo 
044 |a SK 
245 1 0 |a Analýza marketingového informačného systému - spokojnosť zákazníkov OD IKEA Bratislava  |b bakalárska práca  |c Lucia Červenková ; škol. Andrej Miklošík 
264 1 |a Bratislava  |c 2009 
300 |a 56 s. 
100 1 |a Červenková, Lucia 
700 1 |a Miklošík, Andrej 
710 2 |a Obchodná fakulta EU. Katedra marketingu